Synthesis and Characterization of Some Transition Metal Complexes of NS Donor Ligands and Study of Their Biological Activities / (Record no. 82352)
[ view plain ]
| 000 -LEADER | |
|---|---|
| fixed length control field | 01181nam a2200265 a 4500 |
| 001 - CONTROL NUMBER | |
| RUCL Control Number | 82352 |
| 003 - CONTROL NUMBER IDENTIFIER | |
| rucl marc code | BD-RjUL |
| 005 - DATE AND TIME OF LATEST TRANSACTION | |
| control field | 20240118111506.0 |
| 008 - FIXED-LENGTH DATA ELEMENTS--GENERAL INFORMATION | |
| fixed length control field | 231127s2018 bg a|||| m||| 00| 0 eng d |
| 035 ## - SYSTEM CONTROL NUMBER | |
| system control number | (BD-RjUL)82352 |
| 040 ## - CATALOGING SOURCE | |
| Original cataloging agency | BD-RjUL |
| Language of cataloging | eng |
| Transcribing agency | BD-RjUL |
| Modifying agency | BD-RjUL |
| 041 ## - LANGUAGE CODE | |
| Language code of Book | eng |
| 082 ## - DEWEY DECIMAL CLASSIFICATION NUMBER | |
| DDC Edition number | 23 |
| Classification number | 615.798 |
| Author mark and Year | ZAS 2018 |
| 100 ## - MAIN ENTRY--PERSONAL NAME | |
| Personal name | ZAHAN, RONOK |
| 9 (RLIN) | 10194 |
| 245 10 - TITLE STATEMENT | |
| Title | Synthesis and Characterization of Some Transition Metal Complexes of NS Donor Ligands and Study of Their Biological Activities / |
| Statement of responsibility, etc | RONOK ZAHAN ; |
| Name of Supervisor/Co-Supervisor | Supervisor : Md. Abu Reza,Co-Supervisors : Md. Al-Amin-Al-Azadul Islam & Tarannum Naz |
| 260 ## - PUBLICATION, DISTRIBUTION, ETC. (IMPRINT) | |
| Place of publication, distribution, etc | Rajshahi : |
| Name of publisher, distributor, etc | Department of Genetic Engineering & Biotechnology, University of Rajshahi, |
| Date of publication, distribution, etc | 2018. |
| 300 ## - PHYSICAL DESCRIPTION | |
| Pagination | [2], xix, [1], 233 leaves : |
| Other physical details | ill.; |
| Dimensions | 29 cm. |
| 502 ## - DISSERTATION NOTE | |
| Dissertation note | Thesis(Ph.D.)-- Department of Genetic Engineering & Biotechnology,University of Rajshahi,2018 |
| 504 ## - BIBLIOGRAPHY, ETC. NOTE | |
| Bibliography, etc | Bibliography : Leaves 162-190 |
| 650 ## - SUBJECT ADDED ENTRY--TOPICAL TERM | |
| Topical term or geographic name as entry element | Anticancer Drugs |
| General subdivision | Biological Activities |
| 9 (RLIN) | 10195 |
| 700 ## - ADDED ENTRY--SUPERVISOR/CO-SUPERVISOR NAME | |
| Personal name | Reza, Md. Abu, Supervisor |
| 9 (RLIN) | 6985 |
| Personal name | Islam, Md. Al-Amin-Al-Azadul, Co-Supervisors |
| 9 (RLIN) | 10196 |
| Personal name | Naz, Tarannum, Co-Supervisors |
| 9 (RLIN) | 10197 |
| 942 ## - ADDED ENTRY ELEMENTS (KOHA) | |
| Source of classification or shelving scheme | Dewey Decimal Classification |
| Koha item type | Theses |
| Source of classification or shelving scheme | Damaged status | Not for loan | Collection code | Permanent Location | Current Location | Shelving location | Date of accession | Source of acquisition | Total Checkouts | Full call number | Barcode | Date last seen | Copy number | Thesis |
|---|---|---|---|---|---|---|---|---|---|---|---|---|---|---|
| Dewey Decimal Classification | Not For Loan | Theses | Central Library, University of Rajshahi | Central Library, University of Rajshahi | Documentation Section | 15/12/2020 | Controller of Exam. R.U. | THE 615.798 ZAS 2018 | D4375 | 27/11/2023 | C-1 | Theses |